Το Airbnb στην πόλη : ευκαιρία ή απειλή ;

Saved in:
Bibliographic Details
Main Author: Μπαλαμπανίδης, Δημήτρης, 1984-
Other Authors: Παπατζανή, Εύα (Ευαγγελία), 1987-, Πέττας, Δημήτρης, 1984-
Format: Book
Language:Greek
Published: Αθήνα : Πόλις, c2021.
Subjects:
Tags: Add Tag
No Tags, Be the first to tag this record!

MARC

LEADER 00000nam a2200000 a 4500
001 1/125683
008 221215s2021####gr | ||| |||| ||gre||
020 |a 9789604356928  
040 |a GR-MyUa  |b gre  |c GR-MyUa  |e AACR2 
041 0 |a gre 
082 7 |a 363.5   |2 (23) 
100 1 |a Μπαλαμπανίδης, Δημήτρης,   |d 1984- 
245 1 3 |a Το Airbnb στην πόλη :   |b ευκαιρία ή απειλή ;   |c Δημήτρης Μπαλαμπανίδης, Εύα Παπατζανή, Δημήτρης Πέττας.  
260 |a Αθήνα :   |b Πόλις,   |c c2021.  
300 |a 163 σ. ;   |c 21 εκ.  
504 |a Βιβλιογραφία: σ. 157-163.  
650 0 |a Tourism and city planning  |z Greece  |z Athens. 
650 0 |a Rental housing  |z Greece  |z Athens. 
700 1 |a Παπατζανή, Εύα   |q (Ευαγγελία),   |d 1987- 
700 1 |a Πέττας, Δημήτρης,   |d 1984- 
852 |a INST  |b LESVOS  |e 20221215  |h 363.5 ΜΠΑ  |p 005100064055  |q 005100064055  |t BK  |y 0 
970 |a Καμάτσου  |b Δέσποινα  |z 15-12-2022